[Event "Stockholm"]
[Site "Stockholm"]
[Date "2002.08.09"]
[Round "7"]
[White "De Firmian, Nick E"]
[Black "Gritsak, Orest"]
[Result "0-1"]
[WhiteElo "2551"]
[BlackElo "2542"]
[Annotator "Ribli,Z"]
[PlyCount "80"]
[EventDate "2002.08.03"]
[EventType "tourn"]
[EventRounds "9"]
[EventCountry "SWE"]
[EventCategory "8"]
[SourceTitle "CBM 091"]
[Source "ChessBase"]
[SourceDate "2002.11.12"]
[SourceVersion "1"]
[SourceVersionDate "2002.11.12"]
[SourceQuality "1"]

1. e4 c5 2. Nf3 e6 3. d4 cxd4 4. Nxd4 Nc6 5. Nc3 a6 6. Be2 Qc7 7. O-O Nf6 8.
Kh1 {Dieser prophylaktische Königszug wird in der Sizilianischen Verteidigung
oft gespielt - Weiß möchte f2-f4 ziehen.} Nxd4 {Statt dieser Fortsetzung kann
Schwarz mit 8...d6 die Scheveninger Variante spielen. Ich muss auch bemerken,
dass Weiß auf 8...Bb4 auch 9.Bg5 spielen kann.} 9. Qxd4 Bc5 10. Qd3 b5 11. f4
Bb7 12. Bf3 O-O (12... h5) 13. e5 Ne8 14. Bxb7 (14. f5 f6 15. Bf4 fxe5 16. Bxb7
Qxb7 17. Bxe5 Be7 18. fxe6 dxe6 19. Rxf8+ Bxf8 20. Rf1 Be7 21. Ne4 h6 22. Qf3
Kh8 23. Qe3 Kg8 {1/2-1/2 Hansen,C-Andersson,U/Skelleftea 2001/CBM 83 (23)})
14... Qxb7 15. f5 f6 {Dieser Zug ist eine typische Verteidigungsmethode für
Schwarz.} 16. Bf4 Qc6 (16... Be7 17. Rae1 fxe5 (17... b4 18. Nd1 exf5 19. Qxf5
fxe5 20. Qxe5 Bd6 21. Qd4 Bxf4 22. Rxf4 Rxf4 23. Qxf4 Nf6 24. Ne3 Re8 {0-1 Lin
Yi-Liang Jinrong/Suzhou 2001/EXT 2002 (66)}) 18. Bxe5 Rc8 19. fxe6 Rxf1+ 20.
Rxf1 dxe6 21. Ne2 (21. Ne4 $5) 21... Nf6 22. Nf4 {1/2-1/2 Ivanchuk,
V-Hjartarson,J/New York 1995/CBM 47 ext/[Vaisser] (31)}) (16... fxe5 17. Bxe5
Be7 18. fxe6 Rxf1+ 19. Rxf1 dxe6 20. h3 Rc8 21. a3 Qc6 22. Ne4 h6 23. c3 Qd5
24. Qxd5 exd5 25. Ng3 Rd8 26. Nf5 Bf8 {1-0 Nijboer,F-Gustafsson,J/Amsterdam
2001/CBM 83 ext (44)}) 17. Rad1 {[%cal Gd1d7]} (17. a4 b4 18. Ne4 Be7 19. Rae1
fxe5 20. Bxe5 exf5 21. Ng3 g6 22. Bd4 Rf7 23. Qb3 d5 24. Re5 Rd8 25. Rfe1 Bf8
26. Re6 Qc4 27. Qe3 {1/2-1/2 Nataf,I-Leitao,R/New Delhi/Theran 2000/CBM 80 (27)
}) 17... Rf7 (17... exf5 18. Qxd7 (18. Qxf5) 18... Qxd7 19. Rxd7 fxe5 20. Bxe5
Ra7 21. Rd5 Be7 22. Bd4 Rc7 23. Rdxf5 {1-0 Van den Doel,E-Hendriks,W/NED 2000/
CBM 75 ext (40)}) (17... fxe5 18. Bxe5 Nf6 19. Bxf6 Rxf6 20. Ne4 Rxf5 21. Rxf5
exf5 22. Nxc5 Qxc5 23. Qxd7 Qe5 24. h3 f4 25. Qd5+ {1/2-1/2 Yu Shaoteng-Liang
Jinrong/HeiBei 2001/EXT 2002 (25)}) 18. Ne4 Bf8 (18... exf5 19. Nxc5 Qxc5 20.
Qxf5 $14 fxe5 $4 21. Qxf7+ Kxf7 22. Be3+ $18 {[%cal Rf1f7,Re3c5]}) 19. exf6
gxf6 20. fxe6 Qxe6 $2 {[%mdl 16384] Dieser Zug ist nicht logisch: Es wäre
besser mit dem Bauern auf e6 zu nehmen, jetzt erhält Weiß die Herrschaft über
das Feld d5.} (20... dxe6 21. c3 $14) 21. Nc3 $16 {[%csl Yd5][%cal Gc3d5] Der
weiße Springer zielt auf das d5-Feld. Die weiße Bauernstruktur ist viel besser
und zementiert den weißen Vorteil.} Ng7 22. Nd5 Rc8 23. Bd2 {[%cal Gd2c3,Gc3f6]
Weiß möchte seinen Läufer nach c3 stellen, von wo er f6 angreifen kann.} (23.
c3) 23... f5 24. Bc3 Rc4 {[%cal Gc4h4]} 25. b3 (25. Rf3 $16 {[%cal Gd1f1,Gf1f8]
}) 25... Rh4 26. Rf3 Nh5 27. Rh3 (27. Re1 $16) 27... Rxh3 28. Qxh3 Qg6 29. Re1
f4 30. Re8 $6 Ng7 {[%cal Gg7e8,Gg7e6] Auf diese Weise kann Schwarz seinen
Springer aktivieren.} 31. Re2 Ne6 $132 32. Qh4 $2 (32. Qf3) 32... f3 $1 $17 {
[%mdl 128]} 33. gxf3 (33. Rf2 fxg2+ $19) 33... Rxf3 {[%csl Rh1] Plötzlich
befindet sich der weiße König in großer Not.} 34. Re1 (34. Nf6+ Kf7 35. Ng4
Rf1+ 36. Kg2 Rf4 37. Rf2 h5 38. Qf6+ Qxf6 39. Nxf6 Rxf2+ 40. Kxf2 b4 $1 {
[%cal Gf8g7,Gg7a1]} (40... Bg7 41. Nd5 Bxc3 42. Nxc3 Nd4 $17) 41. Be5 d6 $19 (
41... Bg7 $2 42. Nxd7 $16)) 34... Qf5 35. Qe4 (35. Rg1+ Kf7 $19) 35... Rf1+ $19
36. Kg2 {Statt dieser Fortsetzung konnte Weiß ruhig aufgeben.} Qf2+ 37. Kh3
Ng5+ {[%cal Rg5e4,Rg5h3]} 38. Kg4 Nxe4 39. Rxe4 Qf5+ 40. Kg3 Qxe4 0-1

[Event "RUS-chT 05th"]
[Site "Maikop"]
[Date "1998.06.12"]
[Round "10"]
[White "Fedorov, Alexei"]
[Black "Fominyh, Alexander"]
[Result "1/2-1/2"]
[WhiteElo "2595"]
[BlackElo "2530"]
[Annotator "Ribli,Z"]
[PlyCount "134"]
[EventDate "1998.06.03"]
[EventType "team-tourn"]
[EventRounds "11"]
[EventCountry "RUS"]
[SourceTitle "CBM 066"]
[Source "ChessBase"]
[SourceDate "1998.09.30"]
[SourceVersion "1"]
[SourceVersionDate "1998.09.30"]
[SourceQuality "1"]
[WhiteTeam "Maykop Universitet"]
[BlackTeam "Elista Uralan"]
[WhiteTeamCountry "RUS"]
[BlackTeamCountry "RUS"]

1. e4 c5 2. Nf3 Nc6 3. Nc3 {Es ist interessant, daß ein so aggressiver Spieler
wie Fedorov - er spielt nach 1.e4 e5 das Königsgambit 2.f4 - nicht 3. d4 wählt.
Ribli.} e6 4. d4 cxd4 5. Nxd4 Qc7 {Mit Übergang ist die Grundstellung des
sogenannten Taimanov-Aufbaus der Sizilianischen Verteidigung entstanden. Für
gewöhnlich ist die schwarze Hauptidee, zuerst den Damenflügel zu entwickeln,
um später in Abhängigkeit vom weißen Aufbau zu entscheiden, wie die Figuren am
Königsflügel aufzustellen sind.} 6. g3 a6 (6... Nf6 $6 7. Bf4 $14 {Das ist die
Nebenidee von 6.g3. Jetzt kommt Weiß nach 7...e5 mit 8.Ndb5 Qb8 9.Bg5 und
Schwarz hat Felderschwächen.}) 7. Bg2 Nf6 8. Nb3 $6 {Dieser Zug gefällt mir
nicht. In vielen Varianten der Sizilianischen Verteidigung verliert Schwarz
sogar ein Tempo, um den Springer nach b3 zu vertreiben. Hier stellt Weiß
seinen Springer freiwillig nach b3! Vielleicht hatte er Angst vor der
Mode-Variante 8.0-0 Bc5.} (8. Nde2 d6 (8... Bc5 9. O-O b5 10. a3 Bb7 11. Nf4
O-O 12. Re1 d6 13. Nd3 Bb6 14. Be3 Bxe3 15. Rxe3 Na5 16. g4 Rac8 17. g5 Nd7 18.
Rh3 Rfd8 19. Qg4 {0-1 Wohlfart,A-Kleinschmidt,F/Hessen-ch qual-A 1988 (32)}) 9.
O-O b5 10. a3 Bb7 11. h3 h5 (11... Rd8 12. Nf4 g6 13. g4 h6 14. Nd3 Bg7 15. f4
Qb6+ 16. Kh2 Ne7 {1/2-1/2 Kuksov,V-Gogichaishvili,G/Russian Winter op 1991})
12. Be3 Be7 13. f4 Na5 14. b3 Rc8 15. Qe1 Nd7 16. Qf2 Bf6 17. Bd4 Bxd4 18. Qxd4
Qb6 19. Rad1 Ke7 {0-1 Kauzmann,P-Ruzele,D/Mainz op 1995 (34)}) (8. O-O $5) 8...
b5 {Schwarz beginnt sofort mit aktivem Spiel am Damenflügel.} (8... d6 9. g4 (
9. O-O Be7 10. f4 O-O 11. Be3 b5 12. g4 Nd7 13. g5 Re8 14. Qg4 Bf8 15. Rf3 g6
16. Qh4 b4 17. Na4 Bg7 18. f5 exf5 19. exf5 Nde5 20. Rh3 Bxf5 21. Qxh7+ Kf8 22.
Nb6 Bxh3 23. Nxa8 Rxa8 24. Qxh3 Nc4 {0-1 Zapolskis,A-Malisauskas,V/LTU-ch
Vilnius 1994 (31)}) (9. Be3 Be7 10. O-O Rb8 11. Qe2 O-O 12. Rad1 b5 13. a3 Ne5
14. Bc1 Nc4 15. Rd3 a5 16. Re1 Ba6 17. g4 Rfc8 18. Rh3 b4 19. axb4 axb4 20. Nd1
Qb6 21. g5 Ne5 22. Qe3 Nfd7 {0-1 Rocha,A-Cid,M/Buenos Aires TB 1989 (32)}) 9...
Be7 10. g5 Nd7 11. f4 b5 12. O-O Bb7 13. f5 Nc5 14. Nxc5 dxc5 15. fxe6 fxe6 16.
Bf4 Qb6 17. Qh5+ g6 18. Qh3 {Fedorov,A-Yandemirov,V/Petrov mem 1996/1/2-1/2 
(64)}) 9. a3 {Meines Erachtens hat Schwarz nie Probleme, wenn Weiß in der
Sizilianischen Verteidigung nach ...b7-b5 mit a2-a3 reagiert. Das bewahrheitet
sich auch in dieser Partie.} (9. O-O $5 b4 $6 10. Nd5 exd5 11. exd5 {[%csl Gd5,
Re8][%cal Gg2a8]} Ne5 12. d6 $16 {[%cal Gf1e1,Ge1e8,Rg2a8]}) 9... d6 10. O-O
Be7 11. g4 {Weiß verschärft das Spiel mit sofortigem Angriff.} h6 {Das ist ein
nützlicher Zug. Jetzt muß Weiß seinen Königsflügel schwächen, um den Vorstoß
g4-g5 durchzusetzen.} 12. f4 Nd7 {jetzt oder später muß der Springer weichen.
Schwarz muß stets die weißen Vorstöße e4-e4 oder g4-g5 beachten.} (12... O-O
13. h4 $5) 13. Qf3 Nb6 $6 {Der Springer steht auf b6 nicht schlecht, aber es
wäre wichtig, zuerst den Damenläufer zu entwickeln.} (13... Bb7 $5) 14. Kh1 Bb7
{[%cal Gb7h1]} 15. Qh3 O-O $11 {Schwarz hat eine bequeme Stellung. Der weiße
Königsangriff ist (noch) nicht gefährlich.} 16. f5 Bf6 (16... Ne5 17. Bxh6 gxh6
18. f6 $16 {[%csl Gf6,Rg8,Gh3]}) 17. Ne2 {[%cal Ge2g3,Gg3h5] Der Springer
strebt nach h5.} (17. fxe6 fxe6 18. g5 hxg5 19. Qxe6+ Rf7 $11) 17... exf5 (
17... e5 18. Ng3 $14 {[%csl Rf6]}) 18. gxf5 $5 (18. exf5 Ne5 $15 {[%cal Gb7h1]}
) 18... Ne5 $13 {[%csl Ge5][%cal Rc7c2] Der schwarze Springer steht auf e5
ausgezeichnet, aber Weiß hat einige Angriffschancen am Königsflügel.} 19. Nbd4
d5 {Dieser Durchbruch sollte zufriedenstellend sein. Jetzt kommt auch der
Läufer b7 ins Spiel.} 20. Ng3 dxe4 21. Nxe4 {[%csl Ge4,Rf6]} (21. Bxe4 Rad8 $15
) 21... Bxe4 22. Bxe4 Rad8 23. c3 {[%csl Gd4]} Qe7 $6 (23... Rfe8) (23... Bg5
24. Bxg5 hxg5 25. f6 $40 {[%cal Rh3h7]} g6 $2 26. Qh6 $18) 24. Rg1 {[%csl Rg8,
Rh6][%cal Gg1g8]} Kh7 {[#]} (24... Kh8 25. Bxh6 $16) 25. Rxg7+ $5 $16 {Die
weißen Angriffchancen am Königsflügel waren spürbar, aber dieses Turmopfer
kommt denoch überraschend.} (25. Bf4 Ng4 {[%csl Re4][%cal Rg4f2,Rf2h1,Rf2h3,
Re7e4,Re4h1]} (25... Nec4) 26. Qxg4 (26. Qg2 $2 Qxe4 27. Qxe4 Nf2+ $19 {
[%cal Rf2h1,Rf2e4]}) 26... Qxe4+ $15 {[%csl Ge4]}) 25... Kxg7 (25... Bxg7 $2
26. f6+ $18 {[%cal Re4h7,Rf6e7]}) 26. Bxh6+ (26. Qxh6+ Kg8 27. Bf4 {[%cal
Ra1g1,Rg1g8]} Ng4 $19 {[%cal Rg4h6,Re7e4]}) 26... Kg8 27. Rg1+ $2 {Weiß bringt
die letzten Reserven ins Spiel.} (27. Nc6 $5 {[%csl Gc6][%cal Rc6e7,Rc6e5] Es
ist wichtig, den Springer e5 abzulenken.} Nxc6 28. Rg1+ $18 {[%csl Rg8]}) 27...
Ng6 $8 $13 {[%csl Re4][%cal Re7e4]} 28. Bf3 {Weiß hat einen Turm weniger, aber
der Springer g6 hängt und der schwarze König befindet sich in großer Gefahr.}
Bxd4 {[%cal Rd4g1]} 29. fxg6 $6 (29. cxd4 $5 {[%csl Rg8][%cal Rg1g8]} Rfe8 30.
fxg6 $40) 29... Bxg1 (29... fxg6 $2 30. Rxg6+ Kh7 (30... Kf7 31. Bh5 $18 {
[%csl Rf7]}) 31. Bxf8+ $18) 30. Bxf8 Qe6 $6 {[%cal Re6h3]} (30... Qd7 $5 31.
Qh7+ Kxf8 32. g7+ Ke7) (30... Qxf8 $2 31. Qh7#) (30... Kxf8 $2 31. Qh8#) (30...
Rxf8 $2 31. Qh7#) 31. Qh4 $8 {[%cal Rh4d8] Dieser Zug rettet die weiße
Stellung. nach 32.g7 droht undeckbar Matt und der Turm d8 hängt.} (31. Qh7+
Kxf8 32. g7+ Ke7 $19) 31... Rd2 $8 {[%cal Rd2h2,Rh2h1,Rh2h4]} (31... Re8 32. g7
$18) (31... f6 32. Qh7+ Kxf8 33. g7+ $18) 32. Qh7+ Kxf8 33. g7+ Ke7 34. g8=Q
Rxh2+ 35. Qxh2 Bxh2 36. Kxh2 {Nach großen Verwicklungen ist das meterielle
Gleichgewicht jetzt wiederhergestellt. jetzt ist Schwarz am Zuge und es ist
Weiß, der Probleme mit seiner Königsstellung bekommt.} Qh6+ 37. Kg3 Nc4 $15 {
[%csl Rb2,Gc4,Rg3][%cal Rc4b2]} (37... Qg6+ 38. Qxg6 fxg6 39. Bb7 a5 40. Bc6
Nc4 $11) 38. Qa8 Qd6+ 39. Kf2 Nxb2 $17 {Im schwarzen Lager ist alles
verteidigt und er besitzt einen Mehrbauern.} 40. Qe4+ Kf8 41. Be2 Qf6+ (41...
Qxa3 42. Qe5 {[%csl Ra3,Ge5,Rf8] Es ist für Schwarz nicht so einfach, seinen
König vor Dauerschachs in Sicherheit zu bringen.}) (41... Na4 $5 $17 {[%csl
Rc3]}) 42. Kg2 Qg5+ 43. Kf3 Na4 44. Qb4+ Kg7 45. Qd4+ Kf8 (45... Qf6+ 46. Qxf6+
(46. Ke3 Nxc3 $19) 46... Kxf6 47. c4 Nc3 48. cxb5 axb5 $17 {Wir haben
ähnliches Endspiel wie später in der Partie. Weiß hat wegen des reduzierten
Materials Remischancen.}) 46. c4 $1 $15 {Es ist für Weiß notwendig, so viele
Bauern wie möglich zu tauschen.} bxc4 47. Bxc4 Nc5 48. Qd6+ Kg7 49. Qg3 {
In der Hoffnung das Endspiel retten zu können, tauscht Weiß die Damen.} Qxg3+
50. Kxg3 f5 (50... f6 $6 51. Kf4 {[%csl Gf4]}) 51. Kf4 Kf6 52. Be2 a5 (52...
Ne6+ 53. Ke3 a5 $15) 53. Bf1 Ne6+ 54. Ke3 Ke5 55. Bh3 {Weiß hat den folgenden
Plan: der Läufer hält den f-Bauern und der König holt sich gegebenenfalls den
schwarzen a-Bauern.} Nd4 (55... f4+ $5 56. Kd3 (56. Kf3 $2 Ng5+ $19 {[%cal
Rg5f3,Rg5h3]}) 56... Ng5 57. Bg4 (57. Bc8 Kd5 (57... f3 58. Ke3) 58. Bb7+) (57.
Bg2 f3 58. Bf1 (58. Bxf3 $2 {Dieses Opfer kommt zu früh, ist aber im Prinzip
die richtige Idee.} Nxf3 59. Kc4 Nd4 60. Kc5 Ke4 61. Kb6 Nb3 62. Kb5 Kd3 $19)
58... Kf4 59. Kc4 {[%csl Ra5]})) 56. Kd3 Kd5 {Schwarz versucht, den weißen
a-Bauern zu erobern.} (56... Ne6 57. Ke3) 57. Ke3 Kc4 {[%csl Ra3]} 58. a4 $1 {
Weißt fixiert den schwarzen Bauern auf a5.} Kd5 59. Bg2+ Kc5 (59... Ke5 60. Kd3
{[%csl Ra5][%cal Gd3c4]}) 60. Bh3 Kc4 61. Bf1+ Kc3 62. Bh3 Ne6 (62... Kc4 63.
Bf1+) 63. Bxf5 $15 Nc5 64. Bg6 Nxa4 {Schwarz hat einen bauern mehr, wenn Weiß
ihn allerdings nehmen kann, ist sofort remis.} 65. Be8 Nc5 66. Ke2 {Der König
strebt zum Famenflügel. Der schwarze Mehrbauer ist allenfalls von symbolischer
Bedeutung.} a4 67. Bxa4 $11 Nxa4 1/2-1/2

[Event "RUS-ch"]
[Site "Elista"]
[Date "1995.??.??"]
[Round "6"]
[White "Svidler, Peter"]
[Black "Fominyh, Alexander"]
[Result "1/2-1/2"]
[WhiteElo "2635"]
[BlackElo "2515"]
[Annotator "Ribli,Z"]
[PlyCount "49"]
[EventDate "1995.10.??"]
[EventType "swiss"]
[EventRounds "11"]
[EventCountry "RUS"]
[SourceTitle "CBM 050"]
[Source "ChessBase"]
[SourceDate "1996.02.01"]
[SourceVersion "1"]
[SourceVersionDate "1996.02.01"]
[SourceQuality "1"]

1. e4 c5 2. Nf3 e6 3. d4 cxd4 4. Nxd4 Nc6 5. Nc3 Qc7 6. Be2 a6 7. O-O Nf6 8.
Kh1 Bc5 {In der letzter Zeit spielt man fast alle Paulsen Variante dieser Zug.}
9. Be3 {Droht /\ Ne6} (9. Nb3 Be7 10. f4 d6 11. a4 b6 12. Bd3 Bb7 13. Qe1 $13 {
Nijboer,F-Linhart,W/Wien op/1990/CBM21/}) 9... Ne7 {Schwarz folgt eine neue
interessante Idee.} 10. f4 d6 11. Qd2 O-O 12. a3 b5 13. b4 Bb6 14. Bd3 e5 $5
15. fxe5 dxe5 16. Nde2 Ng4 $1 {Der Nachziehende hat das Spiel ausgeglichen.}
17. Bxb6 Qxb6 18. Ng3 Be6 $5 {Hier kontrolliert dieser Laeufer beide Fluegeln.}
19. Rae1 {Fuer Weiss war die einzige Moeglichkeit in Vorteil zu kommen, a4 in
guenstige Situation durchzusetzen.} (19. a4) 19... Rad8 20. h3 Nh6 21. Nh5 Kh8
22. Qg5 (22. Nxg7 Kxg7 23. Qg5+ Ng6 24. Qf6+ $10 {Wie in der Partie}) 22... Ng6
{Weiss sieht keine Moeglichkeit seinen Druck am Koeninfluegel zu verstaerken
und er macht mit einer kleinen Kombination Remis.} 23. Nxg7 $5 Kxg7 24. Qf6+
Kg8 25. Qg5 {Hoffentlich werden wir diese Interessante (8...Bc5 9...Ne7)
Eroffnungsidee in der Praxis mehrmal wiedersehen. Ribli} 1/2-1/2

[Event "RUS-ch"]
[Site "Krasnodar"]
[Date "2002.08.31"]
[Round "5"]
[White "Vorobiov, Evgeny E"]
[Black "Beshukov, Sergei"]
[Result "1-0"]
[WhiteElo "2542"]
[BlackElo "2475"]
[Annotator "Ribli,Z"]
[PlyCount "73"]
[EventDate "2002.08.27"]
[EventType "swiss"]
[EventRounds "9"]
[EventCountry "RUS"]
[SourceTitle "CBM 091"]
[Source "ChessBase"]
[SourceDate "2002.11.12"]
[SourceVersion "1"]
[SourceVersionDate "2002.11.12"]
[SourceQuality "1"]

1. e4 c5 2. Nf3 Nc6 3. d4 cxd4 4. Nxd4 e6 5. Nc3 Qc7 6. Ndb5 {Diese Variante
wird von Ponomariov gerne gespielt.} Qb8 7. Be3 a6 (7... b6 $5) (7... Nf6 $5)
8. Bb6 {Das ist die Pointe des weißen Spiels: In den nachfolgenden forcierten
Zügen gewinnt Weiß die Dame und Bauern gegen drei Leichtfiguren.} axb5 9. Nxb5
{[%cal Rb6c7,Rc7b8]} Bb4+ 10. c3 Ba5 11. Nc7+ Qxc7 12. Bxc7 Bxc7 {Schwarz hat
drei Leichtfiguren gegen die Dame und Bauern bekommen, aber es ist nicht
leicht, die schwarzen Figuren zu koordinieren.} 13. Qg4 (13. Bd3 Nf6 14. O-O d5
15. exd5 Nxd5 16. Re1 O-O 17. Qc2 h6 18. a3 Ne5 19. Bf1 Bd7 20. c4 Nf6 21. Qc3
Ng6 22. Rad1 Bc6 {0-1 Smirnov,A-Semeniaka,A/Rybinsk 2001/EXT 2002 (39)}) 13...
g6 (13... Kf8 14. Bd3 (14. f4 d5 15. e5 Ra4 16. b4 Ra3 17. Bb5 Rxc3 18. Kd2 Ra3
19. Bxc6 bxc6 20. Rhc1 f5 21. Qh4 Ne7 22. Qf2 Kf7 {0-1 Chaichi,N-Akbarinia,S/
Tehran IRI 2002/(55)}) 14... Nf6 15. Qe2 d5 16. O-O g6 17. b4 Kg7 18. a4 Rd8
19. Rfb1 e5 20. f3 Be6 21. a5 {1-0 Kurnosov,I-Vorobiov,E/Togliatty 2001/CBM 83
ext (45)}) 14. Bd3 (14. Bc4 Nge7 15. Qe2 b6 16. O-O O-O 17. a4 Bb7 18. b4 d5
19. exd5 Nxd5 20. Bxd5 exd5 21. Rfd1 Ne5 22. f4 Nc4 23. Qe7 Rac8 24. Re1 {
1/2-1/2 Nakamura,H-Comas Fabrego,L/Ubeda 2001/CBM 80 ext (24)}) (14. Bb5 Nge7
15. h4 h5 16. Qg5 d5 17. a4 dxe4 18. Rd1 Nd5 19. c4 Nf4 20. Qc5 Bd7 21. O-O {
1-0 Cornette,M-Blot,J/France 2001/EXT 2002 (40)}) (14. Be2 Nge7 15. O-O O-O 16.
Qh4 d5 17. Rfd1 Ra4 18. b4 Bd8 19. a3 f5 20. Bb5 Ra8 21. exd5 Nxd5 22. Qc4 {
1-0 Lahno,K-Zdebskaja,N/Kramatorsk 2001/CBM 81 ext (52)}) 14... Nge7 (14... Ne5
15. Qe2 Nxd3+ 16. Qxd3 Ne7 17. O-O O-O 18. a4 d5 $13) 15. O-O O-O 16. a4 $36 {
Weiß hat eine einfache Strategie - er mobilisiert seine Bauernmehrheit am
Damenflügel.} d6 $6 {Dieser Zug gefällt mir nicht: Ich glaube, Schwarz muss
das Spiel mit d7-d5 für seine Figuren öffnen. Der Textzug scheint mir zu
passiv.} (16... Ne5 17. Qe2 Nxd3 18. Qxd3 d5 $13) (16... d5 $5) 17. Qe2 {
Endlich vermeidet Weiß das Motiv Ne5.} Bd7 18. b4 {[%cal Ga4a5,Gb4b5]} Rfc8 (
18... b6 $5) 19. a5 d5 20. a6 b6 $2 {[%mdl 16384] Nach diesem Zug hat Weiß
einen "ewigen" starken Bauern auf a6.} (20... bxa6 21. Bxa6 Rcb8 22. Rfb1 $14)
21. f4 $1 {[%cal Ge4e5] Weiß möchte mit 22.e5 die Stellung und die schwarze
Leichtfiguren einschließen.} Re8 (21... dxe4 22. Bxe4 $16 {[%cal Ge4a8]}) 22.
e5 Na7 23. b5 $16 {[%csl Ga6,Ra7,Gb5,Rc7,Rd7,Re7][%cal Gc3c4] Weiß hat sehr
großen Raumvorteil und die schwarzen Leichtfiguren sind passiv. Nachfolgend
gelingt es Weiß, die Stellung mit c3-c4 zu öffnen.} Bd8 24. Rac1 Rc8 (24... Nf5
25. g4 $16) 25. c4 dxc4 26. Rxc4 $1 {Mit diesem Zug opfert Weiß eigentlich
einen Bauern, aber bekommt starke Eindringungsmöglichkeiten mit der Dame.} (26.
Bxc4 $16) 26... Bxb5 (26... Rxc4 27. Bxc4 $16 {[%cal Gf1d1,Gd1d8]}) 27. Rxc8
Bxd3 28. Qxd3 Nexc8 (28... Naxc8 $2 29. Qd7 $18 Kf8 30. a7 $18) 29. Qd7 {
[%csl Gd7] Die Dame steht sehr aktiv auf d7 und Schwarz hat große Probleme mit
seinen Figuren - alle sind passiv.} Rf8 30. g4 $1 {[%cal Gf4f5][%mdl 128]
Schwarz ist völlig gefesselt, er hat kein Gegenspiel - Weiß erhält nun mit 31.
f5 deutlichen Angriff.} (30. Rc1 b5) 30... b5 (30... Be7 31. f5 Rd8 32. Qb7 $16
) 31. f5 Bb6+ 32. Kh1 exf5 (32... Rd8 33. Qb7 $16) 33. gxf5 g5 34. f6 $18 Rd8
35. Qf5 h6 36. e6 Rf8 (36... fxe6 37. Qg6+ $18) 37. e7 1-0

[Event "Buenos Aires Najdorf"]
[Site "Buenos Aires"]
[Date "1995.??.??"]
[Round "3"]
[White "Ricardi, Pablo"]
[Black "Sadler, Matthew D"]
[Result "1-0"]
[WhiteElo "2545"]
[BlackElo "2565"]
[Annotator "Ribli,Z"]
[PlyCount "57"]
[EventDate "1995.07.??"]
[EventType "tourn"]
[EventRounds "11"]
[EventCountry "ARG"]
[EventCategory "11"]
[SourceTitle "CBM 049"]
[Source "ChessBase"]
[SourceDate "1995.12.01"]
[SourceVersion "1"]
[SourceVersionDate "1995.12.01"]
[SourceQuality "1"]

1. e4 c5 2. Nf3 e6 3. d4 cxd4 4. Nxd4 Nc6 5. Be2 Nf6 6. Nc3 Qc7 7. O-O a6 8.
Kh1 Nxd4 9. Qxd4 Bc5 10. Qd3 b5 (10... h5 11. Bg5 $5 b5 (11... Ng4 12. f4 $1 (
12. Bxg4 $2 hxg4 13. g3 b5 $40 {Suri,H-Razuvaev,Y/Bern op/1995/EXP46/}) 12...
Nf2+ 13. Rxf2 Bxf2 14. e5 $44 {Kasparov}) 12. f4 Bb7 13. e5 $1 $14 {Kasparov,
G-Kengis,E/Riga Tal/1995/CBM47/INF63,153/}) 11. Bg5 b4 $6 (11... Bb7 $5) 12.
Na4 Be7 13. f4 Bb7 $6 (13... d6 14. Bf3 $5 (14. e5 dxe5 15. fxe5 Qxe5 16. Nb6 (
16. Bf3 Qxg5 17. Bxa8 O-O $44) (16. Bf4 Qa5 $13) 16... Qxg5 17. Nxa8 O-O $44)
14... e5 $8 (14... Bb7 $2 15. e5 $1 $36) 15. c3 bxc3 16. Nxc3 Bb7 17. Rac1 $14)
14. e5 Nd5 15. Bxe7 Kxe7 $6 {Zu optimistisch. Der Koenig steht in der Mitte
nur sehr selten gut.} (15... Nxe7 $5) 16. c4 $1 {Weiss spielt sehr energisch.}
bxc3 17. Nxc3 Nxc3 18. Rac1 $1 Be4 (18... Bxg2+ $2 19. Kxg2 Qb7+ 20. Bf3 Qxb2+
21. Rc2 $18) 19. Qg3 $1 Rhc8 (19... Kf8 20. Rxc3 Qb7 21. Rfc1 $40) (19... Nxe2
20. Qg5+ $18) 20. Rxc3 Qb7 21. Rb3 Qc6 22. Rc3 Qb7 23. Qxg7 Rg8 24. Qf6+ Kf8 (
24... Ke8 25. Bf3 Bxf3 26. Rcxf3 Qxb2 27. R3f2 Qb7 28. f5 $40) 25. Qh6+ Ke7 26.
Qh4+ Kf8 27. Bf3 Rxg2 $4 (27... Bxf3 28. Rcxf3 Qxb2 29. R3f2 Qb7 30. Qxh7 $18 (
30. f5 $5)) 28. Kxg2 Qxb2+ 29. Rf2 {Ribli} 1-0